Los amores en la Biblia /

Salvato in:
Dettagli Bibliografici
Autore principale: Schwartz Rodacky, Marco (autor)
Natura: Libro
Lingua:spagnolo
Pubblicazione: México : Planeta DeAgostini : Televisa, 2003, c1997
Serie:(Biblioteca Muy Interesante)
Soggetti:
Tags: Aggiungi Tag
Nessun Tag, puoi essere il primo ad aggiungerne!!

MARC

LEADER 00000nam^a2200000^a^4500
001 000588888
005 20250521000000.0
009 20260310132838.267
020 |a 84-674-0455-8 
037 |a Acervo ITESO - Biblioteca 
041 |a ESP 
082 |a 220. 8  |b SCH 
100 |a Schwartz Rodacky, Marco  |e (autor) 
245 1 4 |a Los amores en la Biblia /  |c M. Schwartz Rodacky. 
264 4 |a México :  |b Planeta DeAgostini :  |b Televisa,  |c 2003, c1997 
300 |a 303 p. 
336 |a texto  |b txt  |2 rdacontenido 
337 |a sin mediación  |b n  |2 rdamedio 
338 |a volumen  |b nc  |2 rdasoporte 
440 1 |a (Biblioteca Muy Interesante) 
649 |a XX 
650 |a Matrimonio 
650 |a Adulterio 
650 |a Poligamia 
650 |a Homosexualidad 
650 |a Relaciones de Pareja 
650 |a Ritos Nupciales 
650 |a Cortejo y Seducción 
650 |a Amor -  |x Tema Principal 
650 |a Sexualidad 
650 |a Biblia -  |x Antiguo Testamento -  |x Historia y Crítica -  |x Tema Principal 
650 |a Catolicismo 
650 |a Cristianismo 
650 |a Religión 
910 |a Fondo Castillo-Martínez 
920 |a Impresos - Libros 
930 |a Fondos Especiales 
905 |a 127 
901 |a 0500348232  |b IT2  |c ESP  |i D127480  |u 20250521 
902 |a https://opac.biblio.iteso.mx/vufind/Record/000588888